Civil society in Burma : (Record no. 32342)

000 -LEADER
fixed length control field 00751nam a22002177a 4500
005 - DATE AND TIME OF LATEST TRANSACTION
control field 20240305145654.0
008 - FIXED-LENGTH DATA ELEMENTS--GENERAL INFORMATION
fixed length control field 240305b ||||| |||| 00| 0 eng d
040 ## - CATALOGING SOURCE
Original cataloging agency SSBUL
Transcribing agency SSBUL
082 ## - DEWEY DECIMAL CLASSIFICATION NUMBER
Edition number 23
Classification number 320.9591
Item number So
100 1# - MAIN ENTRY--PERSONAL NAME
Personal name South, Ashley
9 (RLIN) 6713
245 10 - TITLE STATEMENT
Title Civil society in Burma :
Remainder of title the development of democracy amidst conflict /
Statement of responsibility, etc. Ashley South.
260 ## - PUBLICATION, DISTRIBUTION, ETC.
Place of publication, distribution, etc. New York :
Name of publisher, distributor, etc. The east-west center,
Date of publication, distribution, etc. 2008.
300 ## - PHYSICAL DESCRIPTION
Extent 78 pages ;
Dimensions 23 cm.
440 ## - SERIES STATEMENT/ADDED ENTRY--TITLE
Title Policy studies(East-West Center Washington)
9 (RLIN) 37553
500 ## - GENERAL NOTE
General note S-SAT: Prof. Sai Aung Tun
650 ## - SUBJECT ADDED ENTRY--TOPICAL TERM
Topical term or geographic name entry element Civil society
Geographic subdivision Myanmar
9 (RLIN) 37554
Topical term or geographic name entry element Ethnic comflict
Geographic subdivision Myanmar
9 (RLIN) 37555
Topical term or geographic name entry element Democracy
Geographic subdivision Myamar
9 (RLIN) 37556
651 ## - SUBJECT ADDED ENTRY--GEOGRAPHIC NAME
Geographic name Myanmar
General subdivision Ethnic relations
9 (RLIN) 34594
942 ## - ADDED ENTRY ELEMENTS (KOHA)
Source of classification or shelving scheme
Koha item type Book (Short term)
Holdings
Withdrawn status Lost status Source of classification or shelving scheme Damaged status Not for loan Collection code Permanent Location Current Location Shelving location Date acquired Total Checkouts Full call number Barcode Date last seen Price effective from Koha item type Accession
          Special Collections Shan State Buddhist University Library Shan State Buddhist University Library Special Collection Shelves 05/03/2024   320.9591 So 21517 S-SAT EB00021517 05/03/2024 05/03/2024 Book (Short term) 21517 S-SAT

Library - 09407999929
Admin Office - 09407999979
Dean Office - 09250910768
Registrar Office - 09892297154
Email - [email protected]
Shan State Buddhist University, Phaya Phyu Taunggyi, Shan State, Myanmar.